Абилитационная педагогика в вопросах и ответах. Ч. 1: Развитие профессионального мастерства (Запись № 10855738)

Подробности
000 -МАРКЕР
контрольное поле 01813nam2a2200277 4500
001 - ИДЕНТИФИКАТОР ЗАПИСИ
контрольное поле RU\NLR\BIBL_A\010978048
005 - ИДЕНТИФИКАТОР ВЕРСИИ
контрольное поле 20250624204659.0
010 ## - МЕЖДУНАРОДНЫЙ СТАНДАРТНЫЙ НОМЕР КНИГИ (ISBN)
Номер (ISBN) 978-5-87847-616-4
Тираж 500
021 ## - НОМЕР ГОСУДАРСТВЕННОЙ РЕГИСТРАЦИИ
Код страны Российская Федерация
Номер 2016-3746
Номер Листа государственной регистраци 229
035 ## - ДРУГИЕ СИСТЕМНЫЕ НОМЕРА
Идентификатор записи (NLR Aleph) 010978048
100 ## - ДАННЫЕ ОБЩЕЙ ОБРАБОТКИ
Данные общей обработки 20160209d2015 |||y0rusy50 ca
101 0# - ЯЗЫК РЕСУРСА
Язык текста, звукозаписи и т.д. русский
102 ## - СТРАНА ПУБЛИКАЦИИ ИЛИ ПРОИЗВОДСТВА
Страна публикации Российская Федерация
105 ## - ПОЛЕ КОДИРОВАННЫХ ДАННЫХ: ТЕКСТОВЫЕ МАТЕРИАЛЫ, МОНОГРАФИЧЕСКИЕ
Кодированные данные о монографическом текстовом документе h|||j|||000yy
200 1# - ЗАГЛАВИЕ И СВЕДЕНИЯ ОБ ОТВЕТСТВЕННОСТИ
Основное заглавие Развитие профессионального мастерства
210 ## - ПУБЛИКАЦИЯ, РАСПРОСТРАНЕНИЕ И ДР.
Дата издания, распространения и т.д. 2015
Место издания, распространения и т.д. Б. м.
215 ## - ФИЗИЧЕСКАЯ ХАРАКТЕРИСТИКА
Специфическое обозначение материала и объем 79 c.
Другие сведения о физической характеристике факс.
320 ## - ПРИМЕЧАНИЯ О НАЛИЧИИ В ДОКУМЕНТЕ БИБЛИОГРАФИИ / УКАЗАТЕЛЯ
Текст примечания Библиогр.: с. 75-77 (21 назв.)
461 #0 - УРОВЕНЬ НАБОРА
Встроенное поле 001RU\NLR\BIBL_A\011097963
-- 2001#$aАбилитационная педагогика в вопросах и ответах$eметодическое пособие$eв 5 ч.$fМ-во образования, науки и инновац. политики Новосиб. обл., Гос. бюджет. учреждение Новосиб. обл. "Обл. метод. центр абилитац. педагогики"$g[В. А. Баранов и др.]$vЧ. 1
Системный номер (АБИС) связанной записи 11403484
Место публикации Новосибирск
Дата публикации 2015
Первые сведения об ответственности М-во образования, науки и инновац. политики Новосиб. обл., Гос. бюджет. учреждение Новосиб. обл. "Обл. метод. центр абилитац. педагогики"
Имя издателя, распространителя и т.д. Изд-во НИПКиПРО
Сведения, относящиеся к заглавию методическое пособие : в 5 ч.
Заглавие Абилитационная педагогика в вопросах и ответах
Номер тома Ч. 1
606 1# - НАИМЕНОВАНИЕ ТЕМЫ КАК ПРЕДМЕТ
Наименование темы Учителя-дефектологи
Формальный подзаголовок Методические пособия
Тематический подзаголовок Подготовка
Системный номер авторитетной/нормативной записи 987606
Идентификатор авторитетной/нормативной записи RU\NLR\AUTH\66372610
686 0# - ИНДЕКСЫ ДРУГИХ КЛАССИФИКАЦИЙ
Индекс Ч489.518.7я8
942 ## - ДОПОЛНИТЕЛЬНЫЕ ЭЛЕМЕНТЫ ЗАПИСИ (АБИС)
Тип экземпляра АБИС Книга
980 ## - КОЛЛЕКЦИЯ
Название коллекции Национальная библиография
Экземпляры
Тип экземпляра Дата поступления Источник поступления Стоимость Библиотека постоянного хранения Библиотека текущего хранения Место хранения Шифр хранения Штрих-код Статус экземпляра
Книга 09.02.2016 Обязательный экземпляр 0.00 РНБ (Московский) РНБ (Московский) Русский книжный фонд: издания с 1957 года 2016-4/1139 1-1375683  
Книга 09.02.2016 Обязательный экземпляр 0.00 РНБ (Московский) РНБ (Московский) Русский книжный фонд: издания с 1957 года 2016-4/1139 1-1375684